Normal view
MARC view
- DIFFERENTIABLE DYNAMICAL SYSTEMS; DIFFERIENTIAL EQUATIONS
Entry Topical Term
001 - CONTROL NUMBER
- control field: 62543
003 - CONTROL NUMBER IDENTIFIER
- control field: NUST
005 - DATE AND TIME OF LATEST TRANSACTION
- control field: 20210628202945.0
008 - FIXED-LENGTH DATA ELEMENTS
- fixed length control field: 210628|| aca||aabn | a|a d
040 ## - CATALOGING SOURCE
- Original cataloging agency: NUST
- Transcribing agency: NUST
150 ## - HEADING--TOPICAL TERM
- Topical term or geographic name entry element: DIFFERENTIABLE DYNAMICAL SYSTEMS; DIFFERIENTIAL EQUATIONS
670 ## - SOURCE DATA FOUND
- Source citation: Work cat.: (NUST): WILLIAMSON, RICHARD.E 62542, INTRODUCTION TO DIFFERENTIAL EQUATIONS AND DYNAMICAL SYSTEMS, 1996
